[Event "EU-ch Seniors 65 22nd"]
[Site "Acqui Terme"]
[Date "2023.06.01"]
[Round "7"]
[White "Goli, Daniele"]
[Black "Erdogan, Hassan"]
[Result "1/2-1/2"]
[WhiteElo "1971"]
[BlackElo "1831"]
[PlyCount "138"]
[EventDate "2023.05.26"]
[EventType "swiss"]
[EventRounds "9"]
[EventCountry "ITA"]
[SourceTitle "CBM 214 Extra"]
[Source "ChessBase"]
[SourceDate "2023.07.31"]
[SourceVersion "1"]
[SourceVersionDate "2023.07.31"]
[SourceQuality "1"]

1. d4 d6 2. Nf3 Nf6 3. g3 Nbd7 4. Bg2 e5 5. 0-0 Be7 6. c4 0-0 7. e3 a5 8. Nc3 c6 9. Qc2 Qc7 10. b3 b6 11. Bb2 Bb7 12. Rac1 Rfe8 13. Rfd1 Rac8 14. h3 Bf8 15. Ng5 g6 16. Nge4 Nxe4 17. Nxe4 f5 18. Nc3 e4 19. Ne2 Bg7 20. Qd2 Qd8 21. Nf4 g5 22. Nh5 Bh8 23. Bc3 d5 24. c5 Ra8 25. cxb6 Qxb6 26. Bf1 Nf6 27. Nxf6+ Bxf6 28. Be2 Bd8 29. Rc2 Qc7 30. Kh1 Qg7 31. Rg1 Qh6 32. Kg2 Kh8 33. Rh1 f4 34. exf4 gxf4 35. Qxf4 Qxf4 36. gxf4 Rg8+ 37. Kf1 Bc7 38. Bd2 Raf8 39. Rg1 Bc8 40. Bg4 Ba6+ 41. Ke1 Bd3 42. Rxc6 Bxf4 43. Bxf4 Rxf4 44. Rg2 Rff8 45. Kd2 Bf1 46. Rh2 Rg5 47. Be2 Rg2 48. Rxg2 Bxg2 49. h4 Rxf2 50. Ke3 Rf7 51. h5 Bf3 52. h6 Rf8 53. Rd6 Kg8 54. Rd7 Rf6 55. Rg7+ Kh8 56. Bxf3 Rxf3+ 57. Ke2 Rh3 58. Rd7 Rxh6 59. Rxd5 Rh2+ 60. Ke3 Rxa2 61. Kxe4 Re2+ 62. Kd3 Ra2 63. Rg5 a4 64. bxa4 Rxa4 65. d5 h6 66. Rg1 h5 67. Rg5 h4 68. d6 Ra8 69. Ke4 h3 1/2-1/2

[Event "EU-ch Seniors 65 22nd"]
[Site "Acqui Terme"]
[Date "2023.05.30"]
[Round "5"]
[White "Goli, Daniele"]
[Black "Idesis, Yaacov"]
[Result "1-0"]
[WhiteElo "1971"]
[BlackElo "1780"]
[PlyCount "80"]
[EventDate "2023.05.26"]
[EventType "swiss"]
[EventRounds "9"]
[EventCountry "ITA"]
[SourceTitle "CBM 214 Extra"]
[Source "ChessBase"]
[SourceDate "2023.07.31"]
[SourceVersion "1"]
[SourceVersionDate "2023.07.31"]
[SourceQuality "1"]

1. Nf3 Nf6 2. d4 d5 3. g3 c6 4. Bg2 Bf5 5. 0-0 e6 6. c4 h6 7. Nc3 Be7 8. Ne5 0-0 9. Qb3 Qc8 10. h3 Nbd7 11. g4 Bh7 12. Bf4 Nxe5 13. dxe5 Nd7 14. cxd5 exd5 15. Rac1 Nc5 16. Qd1 Qd7 17. Bg3 Rad8 18. Qd4 b6 19. Rfd1 Qb7 20. e3 Ne6 21. Qa4 Nc5 22. Qd4 Ne6 23. Qd2 f6 24. Ne2 fxe5 25. Bxe5 Bf6 26. Qc3 Bxe5 27. Qxe5 Rfe8 28. Qc3 Rc8 29. Ng3 Nc5 30. Qd4 Qe7 31. b4 Ne4 32. Nh5 Nd6 33. Rxc6 Be4 34. Bxe4 Nxe4 35. Qxd5+ Kh8 36. Rxc8 Rxc8 37. Nf4 Qxb4 38. Ng6+ Kh7 39. Qf5 Rc5 40. Ne5+ Kh8 1-0

[Event "EU-ch Seniors 65 22nd"]
[Site "Acqui Terme"]
[Date "2023.05.29"]
[Round "4"]
[White "Wengholm, Anders"]
[Black "Goli, Daniele"]
[Result "1-0"]
[WhiteElo "2167"]
[BlackElo "1971"]
[PlyCount "131"]
[EventDate "2023.05.26"]
[EventType "swiss"]
[EventRounds "9"]
[EventCountry "ITA"]
[SourceTitle "CBM 214 Extra"]
[Source "ChessBase"]
[SourceDate "2023.07.31"]
[SourceVersion "1"]
[SourceVersionDate "2023.07.31"]
[SourceQuality "1"]

1. Nf3 g6 2. c4 Bg7 3. d4 d6 4. Nc3 Nf6 5. e4 c5 6. Be2 cxd4 7. Nxd4 0-0 8. 0-0 Nc6 9. Be3 Nxd4 10. Bxd4 Be6 11. Qd2 Rc8 12. b3 b6 13. f4 Bd7 14. Bf3 e5 15. fxe5 dxe5 16. Be3 Be6 17. Nd5 Nd7 18. Rad1 f6 19. Qe2 Rf7 20. Bg4 Qe8 21. Nc3 Rc6 22. Nb5 Qb8 23. Bxe6 Rxe6 24. Qg4 Nf8 25. Rd2 Rc6 26. h4 a6 27. Nc3 b5 28. c5 Ne6 29. b4 Nd4 30. Qd1 f5 31. Ne2 Nxe2+ 32. Qxe2 f4 33. Bf2 Qf8 34. Rfd1 Bf6 35. Rd6 Rfc7 36. Qg4 Qc8 37. Qf3 Be7 38. Qb3+ Kg7 39. R6d5 Qe6 40. Be1 Qg4 41. Qf3 Qxf3 42. gxf3 Re6 43. Bc3 Bf6 44. Kg2 Kf7 45. a4 bxa4 46. Ra1 Rcc6 47. Rxa4 h6 48. Kh3 h5 49. Ra1 Bg7 50. Kg2 Bf6 51. Be1 Be7 52. Kf1 Rc8 53. Bc3 Bf6 54. Rad1 Rcc6 55. Ke2 Bg7 56. Kd3 Re7 57. Kc4 Rce6 58. Rd6 Bf6 59. Be1 Re8 60. Rxe6 Rxe6 61. Rd7+ Re7 62. Rd6 Re6 63. Kd5 Rxd6+ 64. Kxd6 g5 65. hxg5 Bxg5 66. Kd7 1-0

[Event "Wch Seniors 65 30th"]
[Site "Assisi"]
[Date "2022.11.17"]
[Round "3"]
[White "Goli, Daniele"]
[Black "Gruzmann, Boris"]
[Result "0-1"]
[WhiteElo "1996"]
[BlackElo "2156"]
[PlyCount "68"]
[EventDate "2022.11.15"]
[EventType "swiss"]
[EventRounds "11"]
[EventCountry "ITA"]
[SourceTitle "CBM 211 Extra"]
[Source "ChessBase"]
[SourceDate "2023.01.31"]
[SourceVersion "1"]
[SourceVersionDate "2023.01.31"]
[SourceQuality "1"]

1. d4 Nf6 2. Nf3 d6 3. g3 g6 4. Bg2 Bg7 5. c4 0-0 6. 0-0 Nc6 7. Nc3 a6 8. e4 Bg4 9. Be3 Qd7 10. Qd2 Bxf3 11. Bxf3 e5 12. d5 Na5 13. Qe2 b6 14. Rab1 Nb7 15. Rfd1 h5 16. Bd2 a5 17. Bg2 Nc5 18. b3 Nh7 19. f3 f5 20. Bh3 Qe7 21. Be3 Ng5 22. Bg2 f4 23. Bxc5 bxc5 24. Qe1 fxg3 25. Qxg3 h4 26. Qf2 Rxf3 27. Qc2 Nh3+ 28. Bxh3 Rxh3 29. Rd3 Qg5+ 30. Kh1 Rxd3 31. Qxd3 Rf8 32. Rg1 Qh5 33. Rf1 Rf4 34. Qh3 Kh7 0-1

[Event "ITA-ch Seniors 65 44th"]
[Site "Macerata"]
[Date "2022.10.01"]
[Round "8"]
[White "D'Aulisa, Francesco"]
[Black "Goli, Daniele"]
[Result "0-1"]
[WhiteElo "1538"]
[BlackElo "2017"]
[PlyCount "98"]
[EventDate "2022.09.25"]
[EventType "swiss"]
[EventRounds "9"]
[EventCountry "ITA"]
[SourceTitle "EXT 2024"]
[Source "ChessBase"]
[SourceDate "2023.10.10"]
[SourceVersion "1"]
[SourceVersionDate "2023.10.10"]
[SourceQuality "1"]

1. e4 g6 2. d4 Bg7 3. Nf3 d6 4. Bc4 h6 5. 0-0 Nf6 6. Re1 0-0 7. h3 c6 8. Bb3 Nfd7 9. Nh2 e5 10. c3 Qe7 11. Ng4 Kh7 12. f4 h5 13. Nh2 Na6 14. Bc2 Nc7 15. f5 Ne8 16. Nf3 Nef6 17. fxg6+ fxg6 18. Ng5+ Kh8 19. Bb3 Nb6 20. Qd3 Nh7 21. Qg3 Bf6 22. Nxh7 Kxh7 23. Rf1 Bd7 24. Na3 exd4 25. Bc2 Be5 26. Bf4 dxc3 27. Bxe5 Qxe5 28. Qxe5 dxe5 29. bxc3 Kg7 30. Bb3 Rad8 31. Rad1 Rxf1+ 32. Kxf1 Kf6 33. h4 Ke7 34. g3 Rf8+ 35. Kg2 Bg4 36. Re1 a5 37. Bd1 Kd6 38. Bxg4 hxg4 39. Rd1+ Kc5 40. Rd3 Rf6 41. Kg1 Nc4 42. Nc2 b5 43. Kg2 Nb2 44. Rd8 Rf3 45. Rg8 Nd3 46. Rxg6 Rf2+ 47. Kg1 Rxc2 48. h5 Ne1 49. Rxg4 Nf3+ 0-1

[Event "ITA-ch Seniors 65 44th"]
[Site "Macerata"]
[Date "2022.09.27"]
[Round "3"]
[White "Goli, Daniele"]
[Black "Gabrielli, Edoardo"]
[Result "1-0"]
[WhiteElo "2017"]
[BlackElo "1362"]
[PlyCount "49"]
[EventDate "2022.09.25"]
[EventType "swiss"]
[EventRounds "9"]
[EventCountry "ITA"]
[SourceTitle "EXT 2024"]
[Source "ChessBase"]
[SourceDate "2023.10.10"]
[SourceVersion "1"]
[SourceVersionDate "2023.10.10"]
[SourceQuality "1"]

1. d4 d5 2. Nf3 e6 3. g3 g6 4. Bg2 Bg7 5. 0-0 Nf6 6. c4 c6 7. Nc3 0-0 8. Ne5 Nfd7 9. f4 Nxe5 10. fxe5 b6 11. Be3 Ba6 12. cxd5 cxd5 13. Rc1 Nd7 14. Qa4 Bb7 15. Nb5 Nxe5 16. dxe5 Bxe5 17. Bd4 Bxd4+ 18. Qxd4 Qg5 19. Qf4 Qxf4 20. gxf4 Ba6 21. Nc7 Bxe2 22. Rfe1 Bc4 23. Nxa8 Bxa2 24. Nc7 Bc4 25. Bf1 1-0

[Event "ITA-ch Seniors 65 44th"]
[Site "Macerata"]
[Date "2022.09.27"]
[Round "4"]
[White "Gueci, Riccardo"]
[Black "Goli, Daniele"]
[Result "0-1"]
[WhiteElo "2098"]
[BlackElo "2017"]
[PlyCount "176"]
[EventDate "2022.09.25"]
[EventType "swiss"]
[EventRounds "9"]
[EventCountry "ITA"]
[SourceTitle "EXT 2024"]
[Source "ChessBase"]
[SourceDate "2023.10.10"]
[SourceVersion "1"]
[SourceVersionDate "2023.10.10"]
[SourceQuality "1"]

1. e4 g6 2. d4 Bg7 3. c3 d6 4. h3 c6 5. Nf3 Nf6 6. Bd3 Nbd7 7. 0-0 Qc7 8. Re1 e5 9. Be3 0-0 10. Nbd2 Re8 11. Qc2 Nf8 12. Nf1 Ne6 13. Ng3 Nf4 14. Bxf4 exf4 15. Ne2 Nh5 16. c4 c5 17. dxc5 dxc5 18. Nc3 Be6 19. Nd5 Qd7 20. Bf1 Rad8 21. Rad1 Qc8 22. Qd2 Qb8 23. b3 b6 24. Qc1 h6 25. Be2 Nf6 26. Bd3 g5 27. Nh2 Nd7 28. Be2 Ne5 29. Ng4 Bxg4 30. Bxg4 Nxg4 31. hxg4 Kf8 32. f3 Rd7 33. Kf1 Red8 34. Qc2 Be5 35. Ke2 Kg7 36. Rh1 Rd6 37. Ne7 Rxd1 38. Nf5+ Kf8 39. Rxd1 Bg7 40. Rxd8+ Qxd8 41. Qd3 Qxd3+ 42. Kxd3 Be5 43. Nxh6 Ke7 44. Nf5+ Kd7 45. Ke2 Ke6 46. Kf2 a6 47. g3 Bf6 48. gxf4 gxf4 49. Ke2 Ke5 50. Kd3 Ke6 51. Kc2 Kd7 52. a3 Ke6 53. b4 Kd7 54. Kb3 Ke6 55. Ka4 Bd8 56. bxc5 bxc5 57. g5 Ke5 58. Nh6 Ke6 59. Ng4 Bc7 60. Nf6 Bd8 61. Nd5 Ke5 62. Kb3 Bxg5 63. Nc7 Kd4 64. Nxa6 Bd8 65. Nb8 Bc7 66. Nc6+ Ke3 67. Ne7 Kxf3 68. Nd5 Bd8 69. e5 Ke4 70. Kc3 Ba5+ 71. Kc2 f3 72. Kd1 Kxe5 73. Ne3 Kd4 74. Ng4 Bc7 75. Ke1 Bg3+ 76. Kd2 f2 77. Ke2 Kxc4 78. Ne3+ Kb3 79. Nf5 Be5 80. Kxf2 Kxa3 81. Ke3 Kb3 82. Ke4 f6 83. Ne3 c4 84. Nd1 c3 85. Nf2 c2 86. Nd3 Kc3 87. Ke3 Bd6 88. Ke2 Ba3 0-1

[Event "Wch Seniors 65 27th"]
[Site "Acqui Terme"]
[Date "2017.11.07"]
[Round "1"]
[White "Goli, Daniele"]
[Black "Bogdanov, Valentin"]
[Result "0-1"]
[WhiteElo "1970"]
[BlackElo "2381"]
[PlyCount "116"]
[EventDate "2017.11.07"]
[EventType "swiss"]
[EventRounds "11"]
[EventCountry "ITA"]
[SourceTitle "CBM 181 Extra"]
[Source "ChessBase"]
[SourceDate "2017.12.12"]
[SourceVersion "1"]
[SourceVersionDate "2017.12.12"]
[SourceQuality "1"]

1. d4 Nf6 2. Nf3 g6 3. g3 Bg7 4. Bg2 0-0 5. c4 d5 6. 0-0 dxc4 7. Qc2 Nc6 8. Qxc4 Be6 9. Qa4 Nd5 10. Nc3 Nb6 11. Qd1 Bg4 12. Ne5 Nxe5 13. dxe5 c6 14. f4 Qc8 15. Ne4 Rd8 16. Qc2 Nd5 17. Nf2 Be6 18. Bd2 a5 19. a3 a4 20. Nd3 Nc7 21. Qc5 Bg4 22. Bf3 Bxf3 23. Rxf3 Ne6 24. Qxe7 Nd4 25. Rf2 Qf5 26. Bc3 Rd7 27. Qg5 Qxg5 28. fxg5 Nxe2+ 29. Rxe2 Rxd3 30. Rf1 Re8 31. Rf4 b5 32. Kf2 Bf8 33. Rfe4 Bxa3 34. e6 Bc5+ 35. Kg2 Rxe6 36. Rxe6 fxe6 37. Rxe6 Rd6 38. Re8+ Kf7 39. Rc8 Ke6 40. Rc7 Kd5 41. Rxh7 Bd4 42. Bxd4 Kxd4 43. Rf7 Ke5 44. Rf2 c5 45. h4 b4 46. Re2+ Kf5 47. Rc2 Kg4 48. Kf2 Rd3 49. Rc4+ Rd4 50. Rxc5 Rd2+ 51. Ke3 Rxb2 52. Rc4+ Kf5 53. g4+ Ke5 54. h5 Rb3+ 55. Kf2 a3 56. Rc5+ Kf4 57. hxg6 Rb2+ 58. Ke1 a2 0-1

[Event "Arco op 38th"]
[Site "Arco"]
[Date "2016.10.15"]
[Round "8"]
[White "Trauth, Michael"]
[Black "Goli, Daniele"]
[Result "1-0"]
[WhiteElo "2157"]
[BlackElo "1961"]
[PlyCount "121"]
[EventDate "2016.10.08"]
[EventType "swiss"]
[EventRounds "9"]
[EventCountry "ITA"]
[SourceTitle "EXT 2017"]
[Source "ChessBase"]
[SourceDate "2016.10.25"]
[SourceVersion "1"]
[SourceVersionDate "2016.10.25"]
[SourceQuality "1"]

1. Nf3 c5 2. c4 Nc6 3. g3 Nf6 4. Bg2 g6 5. Nc3 d6 6. a3 Rb8 7. b4 b6 8. 0-0 Bg7 9. Rb1 0-0 10. d3 Bd7 11. Bg5 h6 12. Bd2 Qc8 13. Qc1 Kh7 14. b5 Nd8 15. Nd5 Nxd5 16. cxd5 a6 17. a4 axb5 18. axb5 Ra8 19. Bc3 Bxc3 20. Qxc3 Ra5 21. Rb3 Nb7 22. Rfb1 Qc7 23. Nd2 Rfa8 24. Nc4 Ra2 25. R3b2 Rxb2 26. Qxb2 Nd8 27. h4 h5 28. e3 f6 29. Be4 Nf7 30. Qe2 Kg7 31. f4 Bg4 32. Qb2 Qa7 33. Bg2 Bc8 34. e4 Qc7 35. Ra1 Rxa1+ 36. Qxa1 Kg8 37. Qa8 Kg7 38. Qc6 Qb8 39. Qxb6 Qxb6 40. Nxb6 Bg4 41. Nc4 Nd8 42. Na5 Bc8 43. Bf1 e6 44. dxe6 Bxe6 45. b6 Bc8 46. Bg2 Nb7 47. Bh3 Nxa5 48. Bxc8 Nc6 49. Bd7 Nb8 50. Bb5 g5 51. Be8 gxh4 52. gxh4 f5 53. Kf2 Kf6 54. Ke3 Na6 55. Bxh5 Nb8 56. Be8 Ke7 57. Bb5 Kf6 58. h5 Ke6 59. Kd2 Kf6 60. Kc3 Ke6 61. Kc4 1-0

[Event "Arco op 38th"]
[Site "Arco"]
[Date "2016.10.12"]
[Round "5"]
[White "Goli, Daniele"]
[Black "Bortolotti, Silvano"]
[Result "1-0"]
[WhiteElo "1961"]
[BlackElo "1821"]
[PlyCount "55"]
[EventDate "2016.10.08"]
[EventType "swiss"]
[EventRounds "9"]
[EventCountry "ITA"]
[SourceTitle "EXT 2017"]
[Source "ChessBase"]
[SourceDate "2016.10.25"]
[SourceVersion "1"]
[SourceVersionDate "2016.10.25"]
[SourceQuality "1"]

1. d4 b6 2. c4 Bb7 3. Nf3 e6 4. Nc3 Nf6 5. Bg5 h6 6. Bh4 Be7 7. e3 Nc6 8. h3 d5 9. Rc1 Ne4 10. cxd5 Nxc3 11. Rxc3 Qxd5 12. Bxe7 Kxe7 13. Be2 Rhc8 14. a3 Nd8 15. 0-0 c5 16. Re1 cxd4 17. exd4 Rxc3 18. bxc3 Qa5 19. Qc1 Rc8 20. c4 f6 21. Nh4 Qg5 22. g3 Qxc1 23. Rxc1 Nc6 24. d5 exd5 25. Nf5+ Ke6 26. cxd5+ Kxd5 27. f4 g6 28. Bc4+ 1-0

[Event "Arco op 38th"]
[Site "Arco"]
[Date "2016.10.08"]
[Round "1"]
[White "Goli, Daniele"]
[Black "Chiodini, Pietro"]
[Result "1-0"]
[WhiteElo "1961"]
[BlackElo "1579"]
[PlyCount "47"]
[EventDate "2016.10.08"]
[EventType "swiss"]
[EventRounds "9"]
[EventCountry "ITA"]
[SourceTitle "EXT 2017"]
[Source "ChessBase"]
[SourceDate "2016.10.25"]
[SourceVersion "1"]
[SourceVersionDate "2016.10.25"]
[SourceQuality "1"]

1. d4 c5 2. Nf3 g6 3. e4 Nf6 4. Nc3 d6 5. Bc4 Bg7 6. dxc5 Qa5 7. 0-0 Qxc5 8. Qe2 Nc6 9. Be3 Qh5 10. Bf4 Bg4 11. Qe3 e5 12. Bg3 Bxf3 13. gxf3 Nd4 14. Kg2 Nxc2 15. Bb5+ Ke7 16. Qd3 Nxa1 17. Nd5+ Nxd5 18. Qxd5 Nc2 19. Rc1 Rhc8 20. Rxc2 Rxc2 21. Qxb7+ Kf6 22. Qxa8 Bh6 23. Qh8+ Bg7 24. Qd8+ 1-0

[Event "Arco op 36th"]
[Site "Arco"]
[Date "2014.10.09"]
[Round "6"]
[White "Goli, Daniele"]
[Black "Dieli, Riccardo"]
[Result "0-1"]
[WhiteElo "1973"]
[BlackElo "1857"]
[PlyCount "85"]
[EventDate "2014.10.04"]
[EventType "swiss"]
[EventRounds "9"]
[EventCountry "ITA"]
[SourceTitle "EXT 2016"]
[Source "ChessBase"]
[SourceDate "2015.10.08"]
[SourceVersion "1"]
[SourceVersionDate "2015.10.08"]
[SourceQuality "1"]

1. d4 Nf6 2. Nf3 g6 3. c4 c5 4. Nc3 cxd4 5. Nxd4 Bg7 6. g3 Nc6 7. Bg2 0-0 8. 0-0 Nxd4 9. Qxd4 Rb8 10. Qxa7 Qc7 11. Nb5 Qxc4 12. Qxb8 Qxb5 13. Be3 d6 14. Rac1 Bh3 15. Qa7 Bxg2 16. Kxg2 Ng4 17. h3 Ne5 18. Rc2 Nc6 19. Qb6 Qd5+ 20. Kh2 Ne5 21. Rc7 Nc4 22. Qxb7 Nxe3 23. fxe3 Qd2 24. Qf3 Bf6 25. Rfc1 Qxb2 26. R1c2 Qa3 27. Kg2 Kg7 28. Qe4 d5 29. Qd3 Qa8 30. Kh2 e6 31. Qb5 Qa3 32. Qb3 Qd6 33. R7c6 Qe5 34. Kg2 Rb8 35. Qd3 Rb1 36. Qd4 Qb8 37. Qc5 Qe5 38. Rc8 Qe4+ 39. Kf2 Kh6 40. Qf8+ Kg5 41. h4+ Kg4 42. Qxf7 Qf5+ 43. Kg2 0-1

[Event "Arco op 34th"]
[Site "Arco"]
[Date "2012.10.19"]
[Round "7"]
[White "Goli, Daniele"]
[Black "Di Lazzaro, Gabriele"]
[Result "1/2-1/2"]
[WhiteElo "1986"]
[BlackElo "1888"]
[PlyCount "83"]
[EventDate "2012.10.13"]
[EventType "swiss"]
[EventRounds "9"]
[EventCountry "ITA"]
[SourceTitle "EXT 2013"]
[Source "ChessBase"]
[SourceDate "2012.11.22"]
[SourceVersion "1"]
[SourceVersionDate "2012.11.22"]
[SourceQuality "1"]

1. d4 Nf6 2. c4 c5 3. d5 b5 4. cxb5 a6 5. bxa6 Bxa6 6. Nc3 g6 7. g3 d6 8. Nf3 Bg7 9. Bg2 Nbd7 10. 0-0 Nb6 11. Re1 0-0 12. Nd2 Qc7 13. Qc2 Rfb8 14. e4 Ng4 15. Nf3 Nc4 16. Bf1 Qa5 17. Bxc4 Bxc4 18. h3 Ne5 19. Nxe5 Bxe5 20. Bd2 Qa6 21. Re3 Qb7 22. Bc1 Ra7 23. a3 Bb3 24. Qd2 Qd7 25. Kg2 Bc4 26. Ne2 h5 27. f4 Bg7 28. Rf3 f5 29. Re3 fxe4 30. Rxe4 Ba6 31. Kh2 Qf5 32. Re3 Bc8 33. Ng1 Bd4 34. Re2 Bxg1+ 35. Kxg1 Qxh3 36. Qe1 Kf7 37. f5 Bxf5 38. Bg5 Rbb7 39. Qc3 Qg4 40. Qe3 Qd4 41. Rae1 Qxe3+ 42. Rxe3 1/2-1/2

[Event "Arco op 34th"]
[Site "Arco"]
[Date "2012.10.16"]
[Round "4"]
[White "Bortolotti, Silvano"]
[Black "Goli, Daniele"]
[Result "0-1"]
[WhiteElo "1770"]
[BlackElo "1986"]
[PlyCount "118"]
[EventDate "2012.10.13"]
[EventType "swiss"]
[EventRounds "9"]
[EventCountry "ITA"]
[SourceTitle "EXT 2013"]
[Source "ChessBase"]
[SourceDate "2012.11.22"]
[SourceVersion "1"]
[SourceVersionDate "2012.11.22"]
[SourceQuality "1"]

1. e4 g6 2. f4 Bg7 3. Nf3 c6 4. d4 d6 5. Nc3 Nf6 6. a4 a5 7. e5 dxe5 8. dxe5 Qxd1+ 9. Nxd1 Nd5 10. Bc4 Nb4 11. Bb3 N8a6 12. Ne3 Nc5 13. Bc4 Bf5 14. Nd4 Be4 15. 0-0 e6 16. Bd2 Rd8 17. Bxb4 axb4 18. Nb3 Bf8 19. Kh1 h5 20. Rad1 Nxa4 21. Rxd8+ Kxd8 22. Nd2 Bd5 23. b3 Nb6 24. Rd1 Kc7 25. Bxd5 exd5 26. Nef1 Bh6 27. g3 h4 28. Kg2 g5 29. f5 Re8 30. Re1 Bg7 31. Nf3 hxg3 32. Kxg3 Nd7 33. e6 fxe6 34. fxe6 Nc5 35. Nxg5 Bf6 36. h4 Kd6 37. Ne3 Nxe6 38. Nxe6 Rxe6 39. Nf5+ Kd7 40. Rxe6 Kxe6 41. Kg4 c5 42. Ng3 c4 43. bxc4 dxc4 44. Ne4 Bd4 45. Nd2 b5 46. Kf3 Kd5 47. Ke2 Bg7 48. Nf3 Bh6 49. Ng5 Bxg5 50. hxg5 Ke5 51. Ke3 Kf5 52. Kd4 Kxg5 53. Ke3 Kf5 54. Kd2 Kf4 55. Ke2 Ke4 56. Kd2 Kf3 57. Kd1 Kf2 58. Kd2 Kf1 59. Kd1 c3 0-1

[Event "ITA-ch Seniors 34th"]
[Site "Arvier"]
[Date "2012.04.14"]
[Round "1"]
[White "Goli, Daniele"]
[Black "Piazza, Giacomo"]
[Result "1-0"]
[WhiteElo "1961"]
[BlackElo "1619"]
[PlyCount "131"]
[EventDate "2012.04.14"]
[EventType "swiss"]
[EventRounds "9"]
[EventCountry "ITA"]
[SourceTitle "CBM 148 Extra"]
[Source "ChessBase"]
[SourceDate "2012.06.22"]
[SourceVersion "1"]
[SourceVersionDate "2012.06.22"]
[SourceQuality "1"]

1. d4 Nf6 2. c4 e6 3. Nf3 Bb4+ 4. Bd2 Qe7 5. Nc3 c5 6. e3 Bxc3 7. Bxc3 Ne4 8. Bd3 Nxc3 9. bxc3 b6 10. 0-0 Bb7 11. Qe2 d6 12. e4 Nd7 13. Nd2 h5 14. f4 0-0-0 15. a4 Nf6 16. a5 Qc7 17. axb6 axb6 18. e5 Ng4 19. Ne4 dxe5 20. fxe5 cxd4 21. c5 Qxe5 22. Nd6+ Rxd6 23. Qxe5 Nxe5 24. cxd6 Nxd3 25. Rfd1 Nf4 26. g3 Ne2+ 27. Kf2 Nxc3 28. Rxd4 Nd5 29. h3 Kd7 30. Ra7 Rb8 31. g4 Kxd6 32. g5 Ke5 33. Rc4 b5 34. Rc5 Kd6 35. Rxb5 Kc6 36. Rb3 f6 37. h4 fxg5 38. hxg5 Rf8+ 39. Kg3 Rf7 40. g6 Re7 41. Ra2 Kd6 42. Kh3 Nf6 43. Rb6+ Ke5 44. Ra7 Rd7 45. Rbxb7 Rd3+ 46. Kg2 Ng4 47. Rxg7 h4 48. Rh7 Ne3+ 49. Kg1 Rd1+ 50. Kf2 Nf5 51. Ra3 Rd2+ 52. Kf3 Rh2 53. Ra5+ Kf6 54. g7 Nxg7 55. Rh6+ Kf7 56. Ra7+ Kg8 57. Rg6 Rb2 58. Rgxg7+ Kf8 59. Rh7 Rb3+ 60. Ke2 Rb2+ 61. Kd3 Kg8 62. Kd4 Rh2 63. Rhb7 Rf2 64. Rb8+ Rf8 65. Rxf8+ Kxf8 66. Rh7 1-0

[Event "Arco op 33rd"]
[Site "Arco"]
[Date "2011.10.29"]
[Round "8"]
[White "Bonanzinga, Corrado"]
[Black "Goli, Daniele"]
[Result "1/2-1/2"]
[WhiteElo "2136"]
[BlackElo "1941"]
[PlyCount "73"]
[EventDate "2011.10.22"]
[EventType "swiss"]
[EventRounds "9"]
[EventCountry "ITA"]
[SourceTitle "EXT 2012"]
[Source "ChessBase"]
[SourceDate "2011.11.24"]
[SourceVersion "1"]
[SourceVersionDate "2011.11.24"]
[SourceQuality "1"]

1. d4 g6 2. c4 Bg7 3. Nc3 Nf6 4. e4 d6 5. Be2 Nc6 6. Nf3 0-0 7. d5 Nb8 8. 0-0 Nbd7 9. Be3 Nc5 10. Qc2 a5 11. a3 a4 12. Nd4 Ng4 13. Bxg4 Bxg4 14. f3 Bd7 15. Rae1 e5 16. Ndb5 Nb3 17. Nxa4 Nd4 18. Bxd4 exd4 19. b3 Ra5 20. Qd3 Bxb5 21. cxb5 Qd7 22. b6 cxb6 23. Nxb6 Qb5 24. Qxb5 Rxb5 25. Nc4 Rxb3 26. Nxd6 Rd8 27. Nc4 b5 28. Nb6 d3 29. e5 Bf8 30. d6 d2 31. Rd1 Rd3 32. f4 Bxd6 33. exd6 R3xd6 34. Rf2 Kf8 35. a4 Rxb6 36. axb5 Rxb5 37. Rfxd2 1/2-1/2

[Event "Arco op 33rd"]
[Site "Arco"]
[Date "2011.10.27"]
[Round "6"]
[White "Goli, Daniele"]
[Black "Astengo, Corrado"]
[Result "0-1"]
[WhiteElo "1941"]
[BlackElo "2086"]
[PlyCount "54"]
[EventDate "2011.10.22"]
[EventType "swiss"]
[EventRounds "9"]
[EventCountry "ITA"]
[SourceTitle "EXT 2012"]
[Source "ChessBase"]
[SourceDate "2011.11.24"]
[SourceVersion "1"]
[SourceVersionDate "2011.11.24"]
[SourceQuality "1"]

1. d4 d5 2. c4 c6 3. Nc3 Nf6 4. Nf3 e6 5. Bg5 dxc4 6. g3 Nbd7 7. Bg2 Be7 8. 0-0 0-0 9. Qc2 h6 10. Bd2 b5 11. Ne5 Nxe5 12. dxe5 Nd5 13. Ne4 Qc7 14. f4 Bb7 15. Kh1 Rfd8 16. a3 c5 17. g4 Bf8 18. g5 h5 19. Bf3 Ne7 20. Nf6+ gxf6 21. Ba5 Bxf3+ 22. Rxf3 Qxa5 23. gxf6 Nf5 24. Rg1+ Kh7 25. Rh3 Bh6 26. Qe4 Rg8 27. Rd1 Rad8 0-1

[Event "Arco op 33rd"]
[Site "Arco"]
[Date "2011.10.24"]
[Round "3"]
[White "De Eccher, Stefano"]
[Black "Goli, Daniele"]
[Result "1/2-1/2"]
[WhiteElo "2259"]
[BlackElo "1941"]
[PlyCount "108"]
[EventDate "2011.10.22"]
[EventType "swiss"]
[EventRounds "9"]
[EventCountry "ITA"]
[SourceTitle "EXT 2012"]
[Source "ChessBase"]
[SourceDate "2011.11.24"]
[SourceVersion "1"]
[SourceVersionDate "2011.11.24"]
[SourceQuality "1"]

1. e4 g6 2. d4 Bg7 3. Nc3 d6 4. g3 Nf6 5. Bg2 c6 6. a4 a5 7. Nge2 Qc7 8. 0-0 Nbd7 9. h3 e5 10. Be3 0-0 11. Qd2 Ne8 12. Rad1 Rb8 13. Kh1 f6 14. f4 Rf7 15. Ng1 Nf8 16. Nf3 Be6 17. b3 Rd7 18. d5 Bf7 19. h4 Re7 20. fxe5 fxe5 21. Bh3 Nf6 22. dxc6 Qxc6 23. Qxd6 Qxd6 24. Rxd6 Rc7 25. Rd3 Rxc3 26. Rxc3 Nxe4 27. Rc5 Nxg3+ 28. Kg2 Nxf1 29. Kxf1 Ne6 30. Rxa5 Nf4 31. Bxf4 exf4 32. Ng5 Bf6 33. Rb5 h6 34. Nxf7 Kxf7 35. h5 Bd4 36. Rd5 Be3 37. Rd7+ Kf6 38. Rd6+ Kg5 39. Rxg6+ Kxh5 40. Rg7 Rd8 41. Bg4+ Kh4 42. Be2 Rd2 43. Rg4+ Kh3 44. Rg2 b6 45. c4 Kh4 46. Rg4+ Kh3 47. Rg6 Rb2 48. Rxh6+ Kg3 49. Rg6+ Kh3 50. Bd1 Bc5 51. Ke1 Bb4+ 52. Kf1 Bc5 53. Bg4+ Kh4 54. Bd1 Kh3 1/2-1/2